Sports Quiz

Random Sports or Baseball Quiz

MLB R-less Teams Quiz Stats

 Plays Quiz Updated Jul 13, 2018

Challenge
Share
Tweet
Embed
Score 0/13 Timer 01:00
2 Plays Today
Team Name % Correct
Yankees
91.1%
White Sox
79.9%
Mets
75%
Cubs
72.6%
Giants
62.8%
Athletics
62.3%
Angels
60.3%
Phillies
56.6%
Blue Jays
56.4%
Twins
53.8%
Nationals
52.2%
Diamondbacks
51.2%
Indians
49.2%

You're not logged in!

Compare scores with friends on all Sporcle quizzes.
Join for Free
OR
Log In

You Might Also Like...

Show Comments

Extras

Top Quizzes Today


Score Distribution

Your Account Isn't Verified!

In order to create a playlist on Sporcle, you need to verify the email address you used during registration. Go to your Sporcle Settings to finish the process.

Report this User

Report this user for behavior that violates our Community Guidelines.

Details: